GPA Research Report RR-10 : Solubility of solid carbon dioxide in pure light hydrocarbons and mixtures of light hydrocarbons /
Guardado en:
| Autor Principal: | |
|---|---|
| Formato: | Libro |
| Idioma: | English |
| Publicado: |
Tulsa, Oklahoma, USA :
Gas Processors Association (GPA,
1974.
|
| Series: | GPA Research Report ;
10 |
| Materias: | |
| Etiquetas: |
Agregar Etiqueta
Sin Etiquetas, Sea el primero en etiquetar este registro!
|
| LEADER | 00772nam a22001695a 4500 | ||
|---|---|---|---|
| 001 | EIQ.libpla004436 | ||
| 008 | 140220s1974####oku######b####000#0#eng#d | ||
| 005 | 20140220125852.0 | ||
| 245 | 1 | 0 | |a GPA Research Report RR-10 : |b Solubility of solid carbon dioxide in pure light hydrocarbons and mixtures of light hydrocarbons / |c Dr. Fred Kurata. |
| 260 | |a Tulsa, Oklahoma, USA : |b Gas Processors Association (GPA, |c 1974. | ||
| 300 | |a v, 71 p. : |b Diagramas, tablas ; |c 27 cm. | ||
| 490 | 1 | |a GPA Research Report ; |v 10 | |
| 504 | |a Incluye referencias bibliográficas e índice. | ||
| 100 | 1 | |a Kurata, Fred. | |
| 650 | 7 | |a Solubilidad del dióxido de carbono sólido |x Hidrocarburos | |
| 650 | 7 | |a Solubility of solid carbon dioxide |x Hydrocarbons | |
| 859 | |a AR-BbSID |b BIB. PLAPIQUI |h 665.71 |i G21 |k R |p 1456 | ||
